000 00574cam a22002053a 4500
001 45522
003 PGUSA
005 20140828084043.0
008 140428s2014||||xxu|||||s|||||000 | eng d
040 _aPGUSA
_beng
042 _adc
100 1 _aGray, Iron
245 1 4 _aThe Gospel of Slavery :
_bA Primer of Freedom
_h[electronic resource] /
_cIron Gray
260 _bProject Gutenberg,
_c2014
506 _aPublic domain in the USA.
516 _aElectronic text
830 0 _aProject Gutenberg
_v45522
856 4 0 _uhttp://www.gutenberg.org/ebooks/45522
942 _cEB
999 _c274773
_d274773